| 000 | 00692nam a2200241 a 4500 | ||
|---|---|---|---|
| 999 |
_c11467 _d11467 |
||
| 001 | 11467 | ||
| 003 | BD-JhCC | ||
| 005 | 20190925082455.0 | ||
| 008 | 190624t20102016ii a|||| ||a| 001 0 eng d | ||
| 020 | _a9788131729588 | ||
| 035 | _a(BD-JhCC)11467 | ||
| 040 |
_aBD-JhCC _dBD-JhCC |
||
| 041 | _aeng | ||
| 082 |
_a005.133 _bLIA 2016 |
||
| 100 | _a Liang, Y. Daniel | ||
| 245 |
_a Introduction to Java programming : _bComprehensive Version / _cY. Daniel Liang . |
||
| 260 |
_aIndia: _bDorling Kindersley india pvt. Ltd; _c2016. |
||
| 300 |
_a1327 p . : _bill; _c26 cm. |
||
| 650 | _a Java programming | ||
| 650 | _aJava (Computer program language) | ||
| 942 |
_2ddc _cBK |
||